| 000 | 00643nam a2200181Ia 4500 | ||
|---|---|---|---|
| 005 | 20250423095204.0 | ||
| 008 | 250422s9999 xx 000 0 und d | ||
| 020 | _a9789280809077 | ||
| 050 | _aHT 334.A8 .F83/ | ||
| 100 | _aEdited by Fu-chen Lo and Yue-man Yeung. | ||
| 245 | 0 | _aEmerging world cities in Pacific Asia | |
| 260 | _aNew York | ||
| 260 | _bUnited Nations University Press | ||
| 260 | _c1996 | ||
| 300 | _a528 p | ||
| 650 | _aMetropolitan areas--Southeast Asia. Cities and towns--Southeast Asia. Metropolitan areas--East Asia. Cities and towns--East Asia. Southeast Asia--Economic conditions--20th century. | ||
| 942 | _cBK | ||
| 999 |
_c29517 _d29517 |
||